Normal view
MARC view
- Senestrari de Salvi, Magdalena L.
Entry Nombre Personal
001 - NUMERO DE CONTROL
- campo de control: 47874
003 - IDENTIFICADOR DE NUMERO DE CONTROL
- campo de control: DLC
005 - FECHA Y HORA DE LA ÜLTIMA TRANSACCIÓN
- campo de control: 20230301135658.0
008 - DATOS DE LONGITUD FIJA
- campo de control de longitud fija: 230301n| acannaabn |a aaa c
010 ## - NÚMERO DE CONTROL DE LA BIBLIOTECA DEL CONGRESO
- Número de control LC: no2010041880
035 ## - NUMERO DE CONTROL
- Número de control: (OCoLC)oca08423442
040 ## - FUENTE DE CATALOGACIÓN
- Agencia original de catalogación: MX-SlUA
- Lenguaje de catalogación: spa
- Agencia de transcripción: MX-SlUA
- Agencia que lo modifica: MX-MxUPN
100 1# - ENCABEZAMIENTO - NOMBRE PERSONAL
- Nombre personal: Senestrari de Salvi, Magdalena L.
400 1# - VEÁSE - NOMBRE DE PERSONA
- Personal name: De Salvi, Magdalena L. Senestrari
400 1# - VEÁSE - NOMBRE DE PERSONA
- Personal name: Salvi, Magdalena L. Senestrari de
670 ## - FUENTE EN LA QUE SE LOCALIZARON DATOS
- Cita de la fuente: El respeto hacia uno mismo: como vencer el temor a la desaprobación de los demás...,1990:
- Información localizada: reverso de la portada (tr. Magdalena L. Senestrari de Salvi)
902 ## - CATALOGADOR
- Catalogador: NDAF/010323
